000 01225cam a2200349 a 4500
001 14765068
003 OSt
005 20241126100735.0
008 070312s2009 maua b 001 0 eng
010 _a 2007060149
015 _aGBA790526
_2bnb
016 7 _a014276032
_2Uk
020 _a9780321460844
020 _a0321460847
035 _a(OCoLC)ocm86110123
035 _a(OCoLC)86110123
040 _aDLC
_cDLC
_dBTCTA
_dBAKER
_dC#P
_dYDXCP
_dBWX
_dUKM
_dDLC
050 0 0 _aQA135.6
_b.L66 2009
082 0 0 _a510
_222
100 1 _aLong, Calvin T.
245 1 0 _aMathematical reasoning for elementary teachers.
250 _a5th ed. /
_bCalvin T. Long, Duane W. DeTemple, Richard S. Millman.
260 _aBoston :
_bPearson Addison Wesley,
_cc2009.
300 _a1 v. (various pagings) :
_bill. (chiefly col.) ;
_c27 cm.
504 _aIncludes bibliographical references and index.
650 0 _aMathematics
_xStudy and teaching (Elementary)
700 1 _aDeTemple, Duane W.
700 1 _aMillman, Richard S.,
_d1945-
906 _a7
_bcbc
_corignew
_d1
_eocip
_f20
_gy-gencatlg
942 _2lcc
_cBK
999 _c250874
_d250874